Warrior herdsmen. (Record no. 12647)

MARC details
000 -LEADER
fixed length control field 00553nam a22001932 4500
001 - CONTROL NUMBER
control field 0000001870
005 - DATE AND TIME OF LATEST TRANSACTION
control field 20151217155813.0
008 - FIXED-LENGTH DATA ELEMENTS--GENERAL INFORMATION
fixed length control field 070328s xx 000 0 eng d
040 ## - CATALOGING SOURCE
Original cataloging agency KABU
Transcribing agency KABU
050 #0 - LIBRARY OF CONGRESS CALL NUMBER
Classification number DT433.245
Item number .D63T46
100 1# - MAIN ENTRY--PERSONAL NAME
Personal name Thomas, Elizabeth Marshall.
-- 0000150932
245 10 - TITLE STATEMENT
Title Warrior herdsmen.
260 ## - PUBLICATION, DISTRIBUTION, ETC. (IMPRINT)
Place of publication, distribution, etc. London :
Name of publisher, distributor, etc. Secker & Warbug,
Date of publication, distribution, etc. 1966.
300 ## - PHYSICAL DESCRIPTION
Extent xxiii, 254 p.
600 10 - SUBJECT ADDED ENTRY--PERSONAL NAME
Personal name Dodoth (African people)
-- 0000150933
908 ## - PUT COMMAND PARAMETER (RLIN)
Put command parameter 070328
950 ## - LOCAL HOLDINGS (RLIN)
-- 1
Holdings
Withdrawn status Lost status Source of classification or shelving scheme Not for loan Home library Current library Date acquired Total Checkouts Full call number Barcode Date last seen Price effective from Koha item type
    Library of Congress Classification   Kabarak, Main Campus Kabarak, Main Campus 17/12/2015   DT433.245 .D63T46 006525 17/12/2015 17/12/2015 Africana Collection
Designed with assistance from East African Informatics Ltd